00234 a2200109 4500001000700000020000600007040001100013100002600024240003500050245003000085362000900115173986 a  cMagnum aPadua, Lygia Gomes de10aAconteceu com a margaridalpor10aAconteceu com a margarida0 a1899